| 000 | 01198nam a22002657a 4500 | ||
|---|---|---|---|
| 003 | NALT | ||
| 005 | 20210818145534.0 | ||
| 008 | s2545 th tha d | ||
| 020 | _a9749023870 | ||
| 040 | _aNALT | ||
| 041 | _atha | ||
| 090 |
_aว KD62 _bว689ก 2545 ล.1 |
||
| 245 | 1 | 0 | _aการวิเคราะห์คำวินิจฉัยของศาลและตุลาการศาลรัฐธรรมนูญ |
| 260 | 3 |
_aกรุงเทพฯ : _bโฟร์เพซ, _c2545 |
|
| 300 |
_a1361 หน้า : _bตาราง ; _c 29 ซม. |
||
| 650 | 0 | 4 | _aคำวินิจฉัยศาลรัฐธรรมนูญ -- วิจัย |
| 650 | 0 | 4 | _aตุลาการศาลรัฐธรรมนูญ -- คำวินิจฉัย -- วิจัย |
| 650 | 0 | 4 | _aศาลรัฐธรรมนูญ |
| 650 | 0 | 4 | _aศาลรัฐธรรมนูญ -- คำวินิจฉัย -- วิจัย |
| 650 | 0 | 4 | _aศาลรัฐธรรมนูญ -- ไทย |
| 700 | 0 | _aบุญทิวา พรเจริญโรจน์ | |
| 850 | _aNALT | ||
| 942 |
_cRSH _2lcc |
||
| 998 |
_bBENJALUCK _j109 _k อารีรัตน์ วิชาช่าง |
||
| 999 |
_c30826 _d30826 |
||